| 000 | 00770nam a2200265 i 4500 | ||
|---|---|---|---|
| 001 | 8503 | ||
| 003 | ES-MaACL | ||
| 005 | 20250901063109.0 | ||
| 007 | t| | ||
| 008 | 920709s1990 sp |||| | spa d | ||
| 020 | _a84-7880-048-4 | ||
| 080 | _a55.07 | ||
| 080 | _a614.7 | ||
| 100 |
_aAraújo, Joaquín, _d1947- _9241303 |
||
| 245 | 1 | 3 |
_aLa muerte silenciosa _b: España hacia el desastre ecológico / _cJoaquín Araújo. |
| 250 | _a1ª ed. | ||
| 260 |
_aMadrid : _bTemas de Hoy, _c1990. |
||
| 300 |
_a387 p. : _bil. ; _c21 cm. |
||
| 490 | 1 |
_aEspaña hoy ; _v8 |
|
| 650 | 1 | 4 |
_aEcología- _zEspaña. _911999 |
| 650 | 1 | 4 |
_aMedio ambiente- _zEspaña. _914954 |
| 830 | 0 |
_aEspaña hoy ; _v8 _9178170 |
|
| 852 |
_aES-MaACL _jL-15942 |
||
| 999 |
_c8503 _d8503 |
||